[Event "Rail 4 countries 18th"]
[Site "?"]
[Date "2001.06.09"]
[Round "2.4"]
[White "Ilgner Andreas"]
[Black "Reiser Franz"]
[Result "0-1"]
[WhiteElo "2131"]
[BlackElo "1804"]
[PlyCount "80"]
[EventDate "2001.??.??"]
[Source "www.chesslib.no"]
[SourceDate "2004.05.04"]

1. d4 Nf6 2. c4 c5 3. d5 e6 4. Nc3 exd5 5. cxd5 d6 6. Nf3 g6 7. Bg5 Bg7 8. Nd2 h6 9. Bh4 g5 10. Bg3 Nh5 11. Qa4+ Kf8 12. e3 Nxg3 13. hxg3 Bxc3 14. bxc3 Nd7 15. Qc2 a6 16. a4 Rb8 17. a5 Nf6 18. e4 Qe7 19. Be2 Qe5 20. Rb1 Kg7 21. Kf1 Re8 22. Bd3 Bd7 23. Nc4 Qe7 24. f3 Bb5 25. Rxb5 axb5 26. Ne3 Qe5 27. Nf5+ Kf8 28. Bxb5 Nxd5 29. Kf2 Nxc3 30. Bxe8 Rxe8 31. Rxh6 d5 32. f4 gxf4 33. g4 Nxe4+ 34. Kg1 Kg8 35. Rh5 Qf6 36. Qa4 Rd8 37. Qb5 f3 38. Nh6+ Kf8 39. Nf5 f2+ 40. Kf1 Qa1+ 0-1

[Event "Centrocoop Sept op-A"]
[Site "Eforie Nord"]
[Date "1998.??.??"]
[Round "?"]
[White "Lupu, G."]
[Black "Iordache, Claudiu Badea"]
[Result "0-1"]
[WhiteElo "1650"]
[BlackElo "2175"]
[PlyCount "80"]
[EventDate "1998.09.??"]
[Source "www.chesslib.no"]
[SourceDate "2004.05.04"]

1. d4 Nf6 2. c4 c5 3. d5 e6 4. Nc3 exd5 5. cxd5 d6 6. Nf3 g6 7. Bg5 h6 8. Bxf6 Qxf6 9. Nd2 Bg7 10. e3 O-O 11. Bd3 Qg5 12. Qc2 Na6 13. a3 Nc7 14. Be4 b5 15. h4 Qe7 16. g3 Bd7 17. Bg2 a5 18. Rb1 b4 19. Nce4 Bf5 20. Qc4 Bd7 21. Qb3 Rab8 22. a4 Bf5 23. O-O Na8 24. f3 Nb6 25. g4 Bd7 26. Ra1 f5 27. Nxc5 dxc5 28. d6+ Qe6 29. Rfd1 c4 30. gxf5 gxf5 31. Qc2 Qxe3+ 32. Kh1 b3 33. Qc1 Qf4 34. Nf1 Qxc1 35. Raxc1 Bxb2 36. Rb1 c3 37. Re1 Rfe8 38. Ne3 f4 39. Ng4 Bxg4 40. fxg4 c2 0-1

[Event "GER-chT Lander (Women)"]
[Site "?"]
[Date "2003.04.03"]
[Round "1.7"]
[White "Schmitz Manuela"]
[Black "Rohlfs Ricarda"]
[Result "1/2-1/2"]
[WhiteElo "2108"]
[BlackElo "1600"]
[PlyCount "83"]
[EventDate "2003.??.??"]
[Source "www.chesslib.no"]
[SourceDate "2004.05.04"]

1. d4 Nf6 2. c4 c5 3. d5 e6 4. Nc3 exd5 5. cxd5 d6 6. Nf3 g6 7. Bg5 Bg7 8. e3 O-O 9. Nd2 a6 10. a4 b6 11. Nc4 Qc7 12. Be2 Nbd7 13. Bf4 Ne8 14. O-O Ndf6 15. e4 Nd7 16. Bg3 f5 17. exf5 Rxf5 18. Bg4 Rf8 19. Be6+ Kh8 20. Ne4 Ne5 21. Nxe5 dxe5 22. Ng5 Qe7 23. Bxc8 Qxg5 24. Bb7 Ra7 25. Bc6 Nd6 26. Qe2 Qe7 27. Rae1 Nf7 28. h4 h6 29. Qe4 Qf6 30. b3 Re7 31. f4 Qd6 32. Re2 Bf6 33. f5 g5 34. h5 Qb8 35. Rfe1 Nd6 36. Qd3 Nf7 37. Qxa6 Kh7 38. Bf2 Nd8 39. Qb5 Rc7 40. Be8 Re7 41. Bg6+ Kh8 42. Bxc5 1/2-1/2

[Event "SLO-chT sf"]
[Site "SLO"]
[Date "1996.??.??"]
[Round "1"]
[White "Nadj, Aleksander"]
[Black "Ivanovic, Andrej"]
[Result "0-1"]
[WhiteElo "1635"]
[BlackElo "1865"]
[PlyCount "58"]
[EventDate "1996.??.??"]
[Source "www.chesslib.no"]
[SourceDate "2004.05.04"]

1. d4 Nf6 2. c4 c5 3. d5 e6 4. Nc3 exd5 5. cxd5 d6 6. Nf3 g6 7. Bg5 h6 8. Bh4 g5 9. Bg3 Nh5 10. e4 Nxg3 11. fxg3 Bg7 12. Bb5+ Nd7 13. O-O O-O 14. Bxd7 Bxd7 15. Qb3 b5 16. a3 Rb8 17. Rfe1 Re8 18. Re2 Qa5 19. Na2 Qb6 20. Kh1 a5 21. Rae1 b4 22. axb4 a4 23. Qd1 cxb4 24. e5 g4 25. e6 gxf3 26. exf7+ Kxf7 27. Rxe8 Rxe8 28. Qxf3+ Kg8 29. Rf1 Rf8 0-1

[Event "ch b10"]
[Site "?"]
[Date "1999.??.??"]
[Round "?"]
[White "Hrzica Rok"]
[Black "Kokol Peter"]
[Result "1-0"]
[WhiteElo "1635"]
[BlackElo "1755"]
[PlyCount "111"]
[EventDate "1999.??.??"]
[Source "www.chesslib.no"]
[SourceDate "2004.05.04"]

1. d4 Nf6 2. c4 c5 3. d5 e6 4. Nc3 exd5 5. cxd5 d6 6. Nf3 g6 7. Bg5 Bg7 8. e3 O-O 9. Be2 Re8 10. O-O Qb6 11. Qc2 Bf5 12. Bd3 Bxd3 13. Qxd3 Qxb2 14. Nb5 Nxd5 15. Nxd6 Nb4 16. Qc4 Re6 17. Bf4 h6 18. Qxc5 N8a6 19. Qb5 b6 20. a3 Qb3 21. Nd4 Bxd4 22. exd4 Rxd6 23. Bxd6 Qd5 24. Qxd5 Nxd5 25. f4 Rd8 26. Bb4 Ndxb4 27. axb4 Nxb4 28. Rxa7 Rxd4 29. Rb7 Rd6 30. Rb1 Nd5 31. g3 Kf8 32. Kf2 Ke8 33. Kf3 Rf6 34. Re1+ Kf8 35. Rd1 Rd6 36. Rd3 f5 37. Ra3 Rd8 38. h3 h5 39. Rd3 Rd6 40. Ra7 Ke8 41. Ke2 Re6+ 42. Kd2 Rd6 43. Kc1 Rc6+ 44. Kb2 Rd6 45. Kb3 Rd8 46. Rg7 Ne7 47. Re3 Rd7 48. Rxg6 Rb7 49. Rg5 Kf7 50. Rxh5 Kg6 51. Rg5+ Kf6 52. g4 fxg4 53. hxg4 Rd7 54. Rb5 Nd5 55. g5+ Kg6 56. Rd3 1-0